000 00388nam a2200133Ia 4500
008 230917s9999||||xx |||||||||||||| ||und||
040 _e166931
_aMAIN
041 _aEnglish
082 _a891.432741 SD64K
100 _aसिन्हा, दया प्रकाश
245 0 _aकथा एक कंस की
260 _aदिल्ली
_bअक्षर
_c1976
942 _cHN
999 _c205188
_d205188